Mercado laboral, integración social y modernización globalizada en Centroamérica /

Ante la pérdida de centralidad del Estado y la redefinición de construcción de ciudadanía social a partir de la lógica de la focalización, el mercado laboral emerge con más fuerza, configurando las dinámicas de (des)integración social. No obstante, sus efectos son distintos puesto que la propia estr...

Descrizione completa

Salvato in:
Dettagli Bibliografici
Autore principale: Pérez Sáinz, Juan Pablo
Natura: testo
Soggetti:
Tags: Aggiungi Tag
Nessun Tag, puoi essere il primo ad aggiungerne!!

MARC

LEADER 00000 a a2200000 04500
001 10620
003
040
100 |a Pérez Sáinz, Juan Pablo  
245 |a Mercado laboral, integración social y modernización globalizada en Centroamérica /  |c Juan Pablo Pérez Sáinz 
520 |a Ante la pérdida de centralidad del Estado y la redefinición de construcción de ciudadanía social a partir de la lógica de la focalización, el mercado laboral emerge con más fuerza, configurando las dinámicas de (des)integración social. No obstante, sus efectos son distintos puesto que la propia estructura de empleo ha sufrido transformaciones importantes con la crisis de los 80 y con los procesos de ajuste estructural posteriores, que han incorporado las economías y sociedades de la región al proceso globalizador. REV/SCM  
650 |a TRABAJO  
650 |a MERCADO DE TRABAJO  
650 |a EMPLEO  
650 |a INTEGRACION SOCIAL  
650 |a MODERNIZACION  
650 |a CONDICIONES ECONOMICAS  
773 |g número 164; páginas 106-121  
999 |c 22452  |d 22452